Электропроводность и диэлектрические потери в поливинилхлоридном пластикате; Известия вузов. Физика; № 5

Dades bibliogràfiques
Parent link:Известия вузов. Физика=Russian Physics Journal.— , 1958-2017, 2020-.— 0021-3411
№ 5.— 1962.— С. 75-80
Altres autors: Аникеенко В. М. Владимир Михайлович, Кевролева К. М., Кессених Р. М., Сотников В. Г.
Idioma:rus
Publicat: 1962
Matèries:
Format: MixedMaterials Capítol de llibre
KOHA link:https://koha.lib.tpu.ru/cgi-bin/koha/opac-detail.pl?biblionumber=593622

MARC

LEADER 00000naa2a2200000 4500
001 593622
005 20231101131752.0
035 |a (RuTPU)RU\TPU\tpu\7188 
090 |a 593622 
100 |a 20011210a1962 k y0rusy50 ca 
101 0 |a rus 
102 |a RU 
200 1 |a Электропроводность и диэлектрические потери в поливинилхлоридном пластикате  |f В. М. Аникеенко, К. М. Кевролева, Р. М. Кессених [и др.] 
320 |a Библиогр.: 9 назв. 
461 0 |0 (RuTPU)RU\TPU\prd\191  |x 0021-3411  |t Известия вузов. Физика  |l Russian Physics Journal  |d 1958-2017, 2020- 
463 0 |0 (RuTPU)RU\TPU\prd\66916  |t № 5  |v С. 75-80  |d 1962 
610 1 |a химическая промышленность 
610 1 |a поливинилхлоридные пластикаты 
610 1 |a диэлектрические потери 
610 1 |a электропроводность 
610 1 |a труды учёных ТПУ 
701 1 |a Аникеенко  |b В. М.  |c специалист в области электротехники  |c доцент Томского политехнического университета, кандидат технических наук  |f 1935-  |g Владимир Михайлович  |2 stltpush  |3 (RuTPU)RU\TPU\pers\25660 
701 1 |a Кевролева  |b К. М. 
701 1 |a Кессених  |b Р. М. 
701 1 |a Сотников  |b В. Г. 
801 0 |a RU  |b 63413507  |c 20011210  |g PSBO 
801 2 |a RU  |b 63413507  |c 20220831  |g PSBO 
942 |c BK